000 00429nam a2200181Ia 4500
001 23343
005 20260414150930.0
008 260414t2010||||xx |||||||||||||| ||spa||
041 _aESP
082 _a629.89
_bG59
100 _aGolnaraghi, Farid
_eAUT
245 0 _aAutomatic control systems
_b
260 _c2010
300 _axiii, 786 páginas :
_c26 cm.
650 _aCNM
654 _aCCN
942 _cLIB
_dJUS
_fJUS
_2ddc
_n
999 _c23343
_d23343